Morava krasna.

Bibliographic Details
Corporate Author: Moravian Heritage Society
Format: Journal
Language:English
Published: Visalia, CA : Moravian Heritage Society, 1994-
Subjects:
Online Availability: Check for online availability

MARC

Tag First Indicator Second Indicator Subfields
LEADER 00000cas a22000007a 4500
001 in00003941721
005 20180201153549.0
008 950831c19949999cauqr p 0 a0eng
010 |a sf 95093724  
035 |a (OCoLC)ocm33070698 
040 |a DLC  |b eng  |c DLC  |d NSD  |d OCLCQ  |d TXA 
022 0 |a 1526-8969  |l 1526-8969  |2 1 
029 1 |a AU@  |b 000025737279 
035 |a (OCoLC)33070698 
042 |a msc  |a nsdp 
050 0 0 |a WMLC 95/265 
090 |a E184.M7  |b M67 
049 |a TXAM 
210 0 |a Morava krasna 
222 0 |a Morava krasna 
245 0 0 |a Morava krasna. 
264 1 |a Visalia, CA :  |b Moravian Heritage Society,  |c 1994- 
300 |a volumes :  |b illustrations ;  |c 28 cm. 
310 |a Quarterly 
336 |a text  |b txt  |2 rdacontent 
337 |a unmediated  |b n  |2 rdamedia 
338 |a volume  |b nc  |2 rdacarrier 
362 1 |a Began with: Vol. 1, no. 1 (spring 1994) 
588 |a Description based on: Vol. 1, no. 1 (spring 1994); title from cover. 
588 |a Latest issue consulted: Vol. 6, no. 1 (spring 1999). 
610 2 0 |a Moravian Heritage Society. 
650 0 |a Moravians  |z United States  |v Periodicals. 
710 2 |a Moravian Heritage Society. 
850 |a DLC 
994 |a C0  |b TXA 
948 |a cataloged  |b h  |c 2018/2/1  |d c  |e coplinger  |f 3:28:11 pm 
999 f f |s 1dd859cb-1662-37d7-805e-b0eb7be2c45f  |i 2b2e11a6-c616-3bed-b2cf-3c7f877840d9  |t 0 
952 f f |p ric  |a Texas A&M University  |b Rellis Campus  |c Joint Library Facility  |d Remote Storage  |t 0  |e E184.M7 M67  |h Library of Congress classification  |i unmediated -- volume  |k v.1:no.1  |l 1994:Spring  |m A14850347742 
998 f f |a E184.M7 M67  |s v.1:no.1 (1994:Spring)  |t 0  |l Remote Storage